00254nam a2200097Ia 4500001000800000005001700008008004100025020001800066245005000084260002200134127664720260417160451.0260417s9999 xx 000 0 und d a9789944697682 0aGülen Sakız AğacıcKoray Avcı Çakman bTudem Yayınları